Secrets of the world's inspirational women/ (Record no. 11318)

MARC details
000 -LEADER
fixed length control field 00696 a2200193 4500
010 ## - LIBRARY OF CONGRESS CONTROL NUMBER
LC control number ENG-89762
020 ## - INTERNATIONAL STANDARD BOOK NUMBER
International Standard Book Number 8187675272
Terms of availability 295.00
035 ## - SYSTEM CONTROL NUMBER
System control number EN-73295
037 ## - SOURCE OF ACQUISITION
Source of stock number/acquisition DBAD / PUB
082 14 - DEWEY DECIMAL CLASSIFICATION NUMBER
Classification number 305.4
090 ## - LOCALLY ASSIGNED LC-TYPE CALL NUMBER (OCLC); LOCAL CALL NUMBER (OCLC)
-- 11635
-- 11635
100 1# - MAIN ENTRY--PERSONAL NAME
Personal name Gifford, Zerbanoo
245 1# - TITLE STATEMENT
Title Secrets of the world's inspirational women/
Statement of responsibility, etc by Zerbanoo Gifford
260 ## - PUBLICATION, DISTRIBUTION, ETC. (IMPRINT)
Place of publication, distribution, etc Chennai
Name of publisher, distributor, etc Westland Books
Date of publication, distribution, etc 2007
270 ## - ADDRESS
Address 571, Poonamallee High Road, Kamraj Bhavan, Aminjikarai
City Chennai
Postal code 600 002
Electronic mail address ewb@airtelbroadband.in
300 ## - PHYSICAL DESCRIPTION
Extent 407p. :
Other physical details b & w photos
Dimensions 23 cm. (Pbk.)
942 ## - ADDED ENTRY ELEMENTS (KOHA)
Institution code [OBSOLETE] dpl
Koha item type English Books
Call number prefix 305.4/ GIF
Holdings
Withdrawn status Lost status Source of classification or shelving scheme Damaged status Not for loan Collection code Home library Current library Source of acquisition Cost, normal purchase price Total Checkouts Full call number Barcode Date last seen Copy number Uniform Resource Identifier Cost, replacement price Price effective from Koha item type
    Dewey Decimal Classification   Not For Loan Non-fiction D.B.Act.Division D.B.Act.Division DBAD/PUB 295.00   305.4 EN-73295 15/09/2008 1 12428 295.00 15/09/2008 English Books

© Delhi Public Library
Hit Counter
free hit counter